000 00326nam a2200133Ia 4500
005 20251222142020.0
008 251222s9999||||xx |||||||||||||| ||spa||
020 _a84-7774-141-7
082 _a153.9/B61
100 _aBlanco Trejo, Florentino
245 0 _aEl Cultivo de la Mente:
264 _bMachado Libros
942 _cLIB
999 _c10608
_d10608